One Piece All Locations Pre-Timeskip - Statistics

General Stats
  • This quiz has been taken 77 times
  • The average score is 13 of 51
Answer Stats
Arc Location % Correct
XXXXXXXXXXX Arlong Park
70%
XXXXXXXXXXX Syrup Village
69%
XXXXXXXXXXX Orange Town
67%
XXXXXXXXXXX Baratie
60%
XXXXXXXXXXX Reverse Mountain
57%
XXXXXXXXXXXX Water 7
52%
XXXXXXXXXXX Whiskey Peak
51%
XXXXXXXXXXX Loguetown
49%
XXXXXXXXXXX Marineford
49%
Arlong Park Cocoyashi Village
48%
XXXXXXXXXXXX Enies Lobby
48%
XXXXXXXXXXX Drum Island
45%
XXXXXXXXXXX Little Garden
40%
XXXXXXXXXXXX Amazon Lily
39%
Romance Dawn Foosha Village
39%
Romance Dawn Shells Town
36%
XXXXXXXXXXXX Sabaody Archipelago
34%
LRLL Long Ring Long Land
30%
XXXXXXXXXXXX Thriller Bark
28%
Post-War Fish-Man Island
25%
Skypeia Angel Island
24%
Post-Enies Lobby Banaro Island
21%
Amazon Lily Kuraigana Island
21%
Jaya Mock Town
21%
Amazon Lily Namakura Island
21%
Whiskey Peak Nanimonai Island
21%
Skypeia Upper Yard
19%
Syrup Village Island of Rare Animals
18%
Amazon Lily Weatheria
16%
Alabasta Alubarna
15%
Arlong Park Gosa Village
13%
Impel Down Freezing Hell
12%
Alabasta Nanohana
12%
Post-Enies Lobby Shimotsuki Village
12%
Impel Down Crimson Hell
10%
Reverse Mountain Twin Cape
10%
Impel Down Blazing Hell
9%
Amazon Lily Boin Archipelago
9%
Impel Down Starvation Hell
9%
Impel Down Wild Beast Hell
9%
Impel Down Eternal Hell
7%
Post-War Gray Terminal
7%
Amazon Lily Tequila Wolf
7%
Enies Lobby Ohara
6%
Amazon Lily Torino Kingdom
6%
Amazon Lily Mary Geoise
4%
Amazon Lily Baldimore
3%
Post-War Rusukaina
3%
Post-War Las Camp
1%
Skypeia Laugh Tale
1%
Post-War Mount Colubo
1%
No matching quizzes found
Score Distribution
Percent of People with Each Score
Percentile by Number Answered
Your Score History
You have not taken this quiz